000 00544nam a22001937a 4500
003 KOHA_MİRAKIL
005 20251218095442.0
008 251218b tu ||||| |||| 00| 0 tur d
020 _a9786254451126
040 _aTR-AnABB
_btur
_cTR-AnABB
041 _atur
082 _a304.6021095614
_bOSM 2024
100 1 _aDurmaz,Selehattin,
245 1 0 _aOsmanlı nüfus defterlerinde Muğla /
_cSelahattin Durmaz
260 _aKonya :
_bMuğla Valiliği,
_c2024
300 _a330 sayfa ;
_c30 cm
650 0 4 _aMuğla
942 _2ddc
_cBK
999 _c9752
_d9752
900 _bGizem YORULMAZ